Normal view
MARC view
Entry Topical Term
001 - CONTROL NUMBER
- control field: 14063
003 - CONTROL NUMBER IDENTIFIER
- control field: OSt
005 - DATE AND TIME OF LATEST TRANSACTION
- control field: 20210410120333.0
008 - FIXED-LENGTH DATA ELEMENTS
- fixed length control field: 210410|| aca||aabn | a|a d
040 ## - CATALOGING SOURCE
- Original cataloging agency: OSt
- Transcribing agency: OSt
150 ## - HEADING--TOPICAL TERM
- Topical term or geographic name entry element: Aquatic engineering
670 ## - SOURCE DATA FOUND
- Source citation: Work cat.: (OSt)6301: Brezonik, Patrick L.; Arnold, William A. 12923, Water Chemistry: an introduction to the chemistry of natural and engineering aquatic systems, 2011
